Podarí sa zlepšiť financovanie?

Možnosti riešenia pretrvávajúcich problémov zdravotníctva v Slovenskej republike. Oblasť zdravotného poistenia. Legislatíva. Výber a platby poistného. Registrácia poistencov. Oblasť financovania, organizácie a riadenia zdravotníctva. Lieková politika. Princíp solidarity.

Salvato in:
Dettagli Bibliografici
Autore principale: Kremská, Erika
Natura: Capitolo di libro
Lingua:slovacco
Soggetti:
Tags: Aggiungi Tag
Nessun Tag, puoi essere il primo ad aggiungerne!!

MARC

LEADER 00000naa a2200000 4500
001 r027154
005 20230824090103.0
041 0 |a slo 
044 |a SK 
245 1 0 |a Podarí sa zlepšiť financovanie?  |c Erika Kremská 
520 |a Možnosti riešenia pretrvávajúcich problémov zdravotníctva v Slovenskej republike. Oblasť zdravotného poistenia. Legislatíva. Výber a platby poistného. Registrácia poistencov. Oblasť financovania, organizácie a riadenia zdravotníctva. Lieková politika. Princíp solidarity. 
610 2 0 |a Slovensko 
610 2 0 |a 1997 
610 2 0 |a zdravotníctvo 
610 2 0 |a financovanie 
610 2 0 |a poistenie zdravotné 
610 2 0 |a legislatíva 
610 2 0 |a poistné 
610 2 0 |a liečivá 
100 1 |a Kremská, Erika